logo

Bir Sreshtho Munshi Abdur Rouf Library
Jhenaidah Cadet College

Nationalism And Internationalism In Liberalism,Marxism And Islam / (Record no. 12431)

MARC details
000 -LEADER
fixed length control field 00671nam a2200241 a 4500
001 - CONTROL NUMBER
JCCL Control Number 12431
003 - CONTROL NUMBER IDENTIFIER
JCCL marc code BD-JhCC
005 - DATE AND TIME OF LATEST TRANSACTION
control field 20220216083121.0
008 - FIXED-LENGTH DATA ELEMENTS--GENERAL INFORMATION
fixed length control field 220216b1991 pk |||| ||a| 001 0 eng d
020 ## - INTERNATIONAL STANDARD BOOK NUMBER
International Standard Book Number 9694620023
035 ## - SYSTEM CONTROL NUMBER
system control number (BD-JhCC)12431
040 ## - CATALOGING SOURCE
Original cataloging agency BD-JhCC
Modifying agency BD-JhCC
041 ## - LANGUAGE CODE
Language code of Book english
082 ## - DEWEY DECIMAL CLASSIFICATION NUMBER
Classification number 320.5
Author mark and Year AMI 1991
100 ## - MAIN ENTRY--PERSONAL NAME
Personal name Amir,Tahir
245 ## - TITLE STATEMENT
Title Nationalism And Internationalism In Liberalism,Marxism And Islam /
Statement of responsibility, etc Tahir Amir.
260 ## - PUBLICATION, DISTRIBUTION, ETC. (IMPRINT)
Place of publication, distribution, etc Pakistan :
Name of publisher, distributor, etc International Institute Of Islamic Thought,Islamabad;
Date of publication, distribution, etc 1991.
300 ## - PHYSICAL DESCRIPTION
Pagination 106 p. :
Dimensions 22 cm.
650 ## - SUBJECT ADDED ENTRY--TOPICAL TERM
Topical term or geographic name as entry element Nationalism
650 ## - SUBJECT ADDED ENTRY--TOPICAL TERM
Topical term or geographic name as entry element Internationalism
942 ## - ADDED ENTRY ELEMENTS (KOHA)
Source of classification or shelving scheme Dewey Decimal Classification
Koha item type Books
Holdings
Source of classification or shelving scheme Damaged status Not for loan Home library Current library Shelving location Date of accession Cost, normal purchase price Total Checkouts Full call number Barcode Date last seen Date checked out Copy number Koha item type
Dewey Decimal Classification     JCC Rouf Library JCC Rouf Library General Stacks 06/01/2021 250.00 1 320.5 AMI 1991 16670 10/26/2022 09/18/2022 C-1 Books

JCC Library | Contacts | JCC Home

Last Update on 23 September 2017
Copyright @ 2017-2020 JCC Rouf Library
Rouf Library, Jhenidah Cadet College (JCC), Bangladesh